000 00653cas a22002295a 4500
001 L209
008 070621d19992001xxkmr p 0 a0eng
022 1 _a0926-3403
035 _a(Sirsi) u98849
041 0 _aeng
245 0 0 _aGEOEurope
260 _aGodmanchester
_bGeoTech Media Group
_c1999-2001
362 0 _a9(2) February 2000-10(10) October 2001
520 _aFrom February 2000 incorporates Mapping Awareness
554 _a12 per year
651 4 _aEurope
690 _aENVIRONMENTAL AND LAND CONSULTANCY-GEOMATICS-LAND SURVEYING
780 0 0 _tGIS Europe
785 0 0 _tGEO:connexion
_x1476-8941
942 _n0
948 _c18/07/1994
999 _c118545
_d118545